000 00287nam a22001337a 4500
008 180220b xxu||||| |||| 00| 0 eng d
020 _a9780966190861
041 _aeng
080 _a159.9
100 _a49
101 _aPSI
245 _aAlternative values
_cLewis,H
942 _2udc
_cBK
999 _c42916
_d42916